Welcome to CU Library Online Public Access Catalogue (OPAC)

Auditing : (Record no. 3960)

MARC details
000 -LEADER
fixed length control field 00538cam a2200181 a 4500
001 - CONTROL NUMBER
control field 706996
005 - DATE AND TIME OF LATEST TRANSACTION
control field 20250220091031.0
008 - FIXED-LENGTH DATA ELEMENTS--GENERAL INFORMATION
fixed length control field 970325s1998 ohua b 001 0 eng
020 ## - INTERNATIONAL STANDARD BOOK NUMBER
International Standard Book Number 0538819340 (alk. paper)
050 00 - LIBRARY OF CONGRESS CALL NUMBER
Classification number HF5667
Item number .K533 1998
082 00 - DEWEY DECIMAL CLASSIFICATION NUMBER
Classification number 657/.45
Edition information 21
100 1# - MAIN ENTRY--PERSONAL NAME
Personal name Knechel, W. Robert.
245 10 - TITLE STATEMENT
Title Auditing :
Remainder of title text & cases /
Statement of responsibility, etc. W. Robert Knechel.
260 ## - PUBLICATION, DISTRIBUTION, ETC.
Place of publication, distribution, etc. Cincinnati, Ohio :
Name of publisher, distributor, etc. South-Western College Pub.,
Date of publication, distribution, etc. c1998.
300 ## - PHYSICAL DESCRIPTION
Extent 1 v. (various pagings) :
Other physical details ill. ;
Dimensions 26 cm.
650 #0 - SUBJECT ADDED ENTRY--TOPICAL TERM
Topical term or geographic name entry element Auditing.
942 ## - ADDED ENTRY ELEMENTS (KOHA)
Source of classification or shelving scheme Library of Congress Classification
Koha item type Books
Suppress in OPAC No
999 ## -
-- 3960
-- 3960
Holdings
Withdrawn status Lost status Source of classification or shelving scheme Damaged status Not for loan Collection Home library Current library Shelving location Date acquired Total checkouts Full call number Barcode Date last seen Copy number Price effective from Koha item type
    Library of Congress Classification     Non-fiction Undergraduate Library (Christ Temple) Undergraduate Library (Christ Temple) General stacks 02/20/2025   HF5667 KNE ulct00001285 02/20/2025 1 02/20/2025 Books
© 2023-2024 Copyright: Central University Libraries. All Rights Reserved | Created by: Mahone Tech Office